000 00737nam a2200217Ia 4500
003 GCL
008 140319s9999 xx 000 0 ara d
040 _aGCL /
_cGCL
082 0 4 _aش ف
_b791.43
_bص ب
100 1 _aصلاح ابوسيف
245 1 0 _aبداية ونهاية(شرائط فيديو) /
_cصلاح ابوسيف
260 _aالقاهرة :
_bافلام جمال الليثى للسينما والفيديو
300 _a1 شريط:
_bأ ، س ؛
_c1\2 بوصة
490 _a
650 0 4 _aافلام سينمائية
650 0 4 _aشرائط فيديو
650 0 4 _aالافلام العربية
650 0 4 _aالافلام الاجتماعية
650 0 4 _aالفيديو، أشرطة
942 _2ddc
_cVM
999 _c28819
_d28819